000 00283nam a22001217a 4500
003 SGT
082 _a341.23
_bUNP
100 _aUNITED NATION PUBLICATION
245 _aEVERYMANS UNITED NATION
260 _aNEW YORK
_bUNITED NATION PUBLICATION
_c1968
300 _a634
942 _2ddc
_cBK
999 _c33366
_d33366